000 00656nam a2200229Ia 4500
005 20230424101005.0
008 131103s9999 xx 000 0 und d
020 _a1.85383315 0
_cGBP:19.95
040 _aLoreto College
041 _aEnglish
082 _a338.7
_bWEL
245 _aBusiness and the environment
_cedited by Richard Welford and Richard Starkey
260 _aLondon
_bEarthscan Publications
_c1996
300 _axx,284 p.
_b illus.,fig.
504 _aIncludes references and index
630 _aBusiness Enterprises
650 _aBusiness
651 _aProduction
700 _aWelford,Richard,ed.
850 _aLCLIB
942 _cBK
999 _c12496
_d62975